ARRUPE JESUIT UNIVERSITY

CORONAVIRUS -STOP THE SPREAD - CLEAN,DISINFECT,COVER

The New Testament as true fiction : (Record no. 126875)

MARC details
000 -LEADER
fixed length control field 01272cam a2200289 a 4500
001 - CONTROL NUMBER
control field 14049705
003 - CONTROL NUMBER IDENTIFIER
control field ARRUPE
005 - DATE AND TIME OF LATEST TRANSACTION
control field 20170904114212.0
008 - FIXED-LENGTH DATA ELEMENTS--GENERAL INFORMATION
fixed length control field 050722r20041999enkach b 001 0 eng d
010 ## - LIBRARY OF CONGRESS CONTROL NUMBER
LC control number 2005278317
020 ## - INTERNATIONAL STANDARD BOOK NUMBER
International Standard Book Number 0567042308 (pbk. : alk. paper)
035 ## - SYSTEM CONTROL NUMBER
System control number (OCoLC)ocm57667130
040 ## - CATALOGING SOURCE
Original cataloging agency CST
Transcribing agency CST
Modifying agency OCLCQ
-- DLC
042 ## - AUTHENTICATION CODE
Authentication code lccopycat
050 00 - LIBRARY OF CONGRESS CALL NUMBER
Classification number BS2361.3
Item number .T44 2004
082 00 - DEWEY DECIMAL CLASSIFICATION NUMBER
Classification number 225.6
Edition number 22
300 ## - PHYSICAL DESCRIPTION
Dimensions 22 cm.
100 1# - MAIN ENTRY--PERSONAL NAME
Personal name Templeton, Douglas A.
9 (RLIN) 35550
245 14 - TITLE STATEMENT
Title The New Testament as true fiction :
Remainder of title literature, literary criticism, aesthetics /
Statement of responsibility, etc Douglas A. Templeton.
260 ## - PUBLICATION, DISTRIBUTION, ETC. (IMPRINT)
Place of publication, distribution, etc London ;
-- New York :
Name of publisher, distributor, etc T & T Clark International,
Date of publication, distribution, etc 2004.
300 ## - PHYSICAL DESCRIPTION
Extent 391 p. :
490 0# - SERIES STATEMENT
Series statement T & T Clark academic paperbacks
630 00 - SUBJECT ADDED ENTRY--UNIFORM TITLE
Uniform title Bible.
Name of part/section of a work New Testament
General subdivision Criticism, interpretation, etc.
9 (RLIN) 35551
630 00 - SUBJECT ADDED ENTRY--UNIFORM TITLE
Uniform title Bible.
Name of part/section of a work New Testament
General subdivision Language, style.
9 (RLIN) 35552
906 ## - LOCAL DATA ELEMENT F, LDF (RLIN)
a 7
b cbc
c copycat
d 2
e ncip
f 20
g y-gencatlg
942 ## - ADDED ENTRY ELEMENTS (KOHA)
Source of classification or shelving scheme Library of Congress Classification
Koha item type Monograph ( Printed materials)
Holdings
Withdrawn status Lost status Source of classification or shelving scheme Damaged status Not for loan Collection code Home library Current library Shelving location Date acquired Total Checkouts Full call number Barcode Date last seen Price effective from Koha item type
    Library of Congress Classification     Main Collection ARRUPE LIBRARY ARRUPE LIBRARY Main Collection 04/09/2017   BS2361.3 .T44 2004 46500027922 04/09/2017 04/09/2017 Monograph ( Printed materials)

 

Arrupe Library. PO Box MP320 Mt Pleasant, Harare, Zimbabwe
263 242 745411|librarian@aju.ac.zw